00508nam a2200205Ia 4500008004100000020001800041050001400059100002200073245002200095245003700117245002200154260001500176260002500191260000900216300001600225300002700241300001000268440001500278500000900293170918s9999 xx 000 0 und d a9780756612474 bW814 2005 aWishinsky, Frieda aAlbert Einstein : ba photographic story of a life / cFrieda Wishinsky. aNew York : bDK Publishing, Inc., c2005 a128 pages : bcolored illustration ; c20cm. aBiography. a1040